000 00836nam a2200265Ia 4500
003 OSt
005 20220918171935.0
006 a|||||r|||| 00| 0
007 ta
008 220917b |||||||| |||| 00| 0 eng d
020 _a9788189738686 (hbk)
_c300
024 _a260,245
037 _b179, 12/12/2011, Standard Book House
_cTextual
040 _aARTS
_cARTS
_beng
041 _2eng
_aeng
082 _aO157,3N35,DH, 111Q0
100 _aGangopadhyay Sunil
245 0 _aSoiled clothes
260 _aNew Delhi
_bNiyogi Books India
_c2010
300 _a293p.
_ccm.
650 _aBENGALI LITERATURE
700 _a Bhattacharya Sujal Tr.
_939464
942 _hO157,3N35,DH, 111Q0
_cTEXL
_2CC
999 _c141964
_d141964